| 000 | 00611 a2200181 4500 | ||
|---|---|---|---|
| 020 | _a0521461197 | ||
| 020 | _a9780521461191 | ||
| 082 | _a523.7 SCH | ||
| 090 |
_c1661 _d1661 |
||
| 100 | _aSchussler, Manfred. | ||
| 245 | 1 | 0 |
_aSolar magnetic fields / _cManfred Schussler, Wolfgang Schmidt. |
| 260 |
_aNew York _bCambridge University Press, _c1994. |
||
| 300 |
_a428 p. ; _c26 cm. |
||
| 700 | 1 | _aSchussler, Manfred. | |
| 700 | 1 | _aSchmidt, Wolfgang. | |
| 942 |
_aSNS _cBK _k523.7 SCH |
||
| 999 |
_c30269 _d30269 |
||